000 00522nam a2200133Ia 4500
008 220216s9999 xx 000 0 und d
100 _aVerma K P S
245 0 _aUse of polyster-polyether thermoplastic elastomer pads in tracks on Indian railways
260 _bProceedings of the National Conference and Exposition on Rubber and Allied Materials. India Rub Tech Expo 2004. 13-14 February, 2004, Mysore.pp.281-285.
650 _aTensile strength
650 _aThermoplastic elastomer
650 _aTPE pads
942 _cJS
999 _c71903
_d71903